000 00252nam a22001217a 4500
008 180926b xxu||||| |||| 00| 0 eng d
041 _aeng
080 _a610
100 _a5
101 _aANE
245 _aAnesthesia
_cChwstrut.d.h
942 _2udc
_cBK
999 _c48526
_d48526